| 000 | 00799nam a2200229 a 4500 | ||
|---|---|---|---|
| 005 | 20210223133507.0 | ||
| 008 | 180202s2015 mx r 000 0 spa d | ||
| 020 | _a9786079275563 (Flacso) | ||
| 020 | _a9786079294670 (Instituto Mora) | ||
| 035 | _aUPN01000222697 | ||
| 049 | _aCG | ||
| 050 | 4 |
_aF3100 _bP6.4 |
|
| 245 | 0 | 0 |
_aPolítica y memoria : _ba cuarenta años de los golpes de estado en Chile y Uruguay / _ced. Ana Buriano Castro. |
| 260 |
_aMéxico : _bFLACSO : _bInstituto Mora, _c2015. |
||
| 300 | _a289 p. | ||
| 650 | 4 |
_aAUTORITARISMO - _ySIGLO XX - _xHISTORIA - _zCHILE _926562 |
|
| 650 | 4 |
_aAUTORITARISMO - _ySIGLO XX - _xHISTORIA - _zURUGUAY _926561 |
|
| 650 | 4 |
_aAUTORITARISMO - _zAMERICA LATINA _914382 |
|
| 700 | 1 |
_aBuriano Castro, Ana, _eed. |
|
| 905 | _aLibro | ||
| 999 |
_c194794 _d194794 |
||